LDR 00923naa#a2200193#i#450# 001 RU\\bibl\19318 005 20260418192329.6 100 ## _a20260417b2026####ek#y0rusy0150####ca 102 ## _aRU 200 1# _aСПОРТИВНЫЙ СТРЕСС, ТРЕНИРОВАННОСТЬ, ВЫНОСЛИВОСТЬ _eСтатья/тезисы конференции 210 1# _aВоронеж _cВоронежский государственный лесотехнический университет имени Г.Ф. Морозова _d2026 215 ## _a5 с. 608 ## _aСтатья/тезисы конференции _2local 675 ## _aПрочие вопросы организации и эксплуатации транспорта. 656.09 _z 700 #1 _aГорлов _gД. О. 700 #1 _aБурцев _gДмитрий Сергеевич 700 #1 _aБурцева _gА. А. 700 #1 _aНовиков _gА. А. 856 4# _abibl.vgltu.ru _u